Fundamentals of Corporate Finance (Record no. 12676)
[ view plain ]
| 000 -LEADER | |
|---|---|
| fixed length control field | 00469nam a22001937a 4500 |
| 003 - CONTROL NUMBER IDENTIFIER | |
| control field | OSt |
| 008 - FIXED-LENGTH DATA ELEMENTS--GENERAL INFORMATION | |
| fixed length control field | 240509b |||||||| |||| 00| 0 eng d |
| 020 ## - INTERNATIONAL STANDARD BOOK NUMBER | |
| International Standard Book Number | 9789354645648 |
| 082 ## - DEWEY DECIMAL CLASSIFICATION NUMBER | |
| Classification number | 658.1 PAF |
| 100 ## - MAIN ENTRY--PERSONAL NAME | |
| Personal name | PARRINO, Robert |
| 245 ## - TITLE STATEMENT | |
| Title | Fundamentals of Corporate Finance |
| 250 ## - EDITION STATEMENT | |
| Edition statement | 5th. ed |
| 260 ## - PUBLICATION, DISTRIBUTION, ETC. (IMPRINT) | |
| Place of publication, distribution, etc | New Delhi |
| Name of publisher, distributor, etc | Wiley |
| Date of publication, distribution, etc | 2023 |
| 300 ## - PHYSICAL DESCRIPTION | |
| Extent | MISC |
| 700 ## - ADDED ENTRY--PERSONAL NAME | |
| Personal name | BATES, Thomas W |
| 700 ## - ADDED ENTRY--PERSONAL NAME | |
| Personal name | GILLAN, Stuart L |
| 700 ## - ADDED ENTRY--PERSONAL NAME | |
| Personal name | KIDWELL, David S |
| 942 ## - ADDED ENTRY ELEMENTS (KOHA) | |
| Source of classification or shelving scheme | Dewey Decimal Classification |
| Koha item type | Text Books |
| Withdrawn status | Lost status | Source of classification or shelving scheme | Damaged status | Not for loan | Collection code | Home library | Current library | Date acquired | Source of acquisition | Currency | Cost, normal purchase price | Bill Number | Total Checkouts | Full call number | Acc. no. / Barcode | Date last seen | Actual Cost, discounted price | Bill Date | Koha item type | Date last borrowed |
|---|---|---|---|---|---|---|---|---|---|---|---|---|---|---|---|---|---|---|---|---|
| Dewey Decimal Classification | MBA | PIET C-LIBRARY | PIET C-LIBRARY | 06/04/2024 | Zafaa Books and Distributors | In rupees | 999.00 | ZBD0007 | 658.15 PAF | 37203 | 09/05/2024 | 724.27 | 06/04/2024 | Reference Books | ||||||
| Dewey Decimal Classification | MBA | PIET C-LIBRARY | PIET C-LIBRARY | 06/04/2024 | Zafaa Books and Distributors | In rupees | 999.00 | ZBD0007 | 1 | 658.15 PAF | 37204 | 25/02/2025 | 724.27 | 06/04/2024 | Text Books | 08/02/2025 |